000 00763cam a22002411 4500
001 7003
003 BD-RjUL
005 20211208234342.0
008 140113s1962 xx 000 0 eng
035 _a(BD-RjUL)7045
035 _a(OCoLC)1307482
040 _aDLC
_cFM
_dDLC
_dBD-RjUL
_beng
041 _aeng
082 0 0 _a007
_bGOS 1962
245 0 4 _aThe scientist speculates :
_bAn anthology of partly-baked ideas /
_c Irving John Good, Associate editor: Alan James Mayne; biology editor: John Maynard Smith.
260 _aNew York :
_bBasic Books,
_c 1962.
300 _a 413 p. :
_bill. ;
_c22 cm.
504 _aIncludes index.
650 0 _aLearning and scholarship.
_921948
700 _aGood, Irving John,
_9166793
942 _2ddc
_cBK
999 _c7003
_d7003